000 00644cam a22002413a 4500
001 35007
003 PGUSA
005 20140828083744.0
008 110119s2011||||xxu|||||s|||||000 1 eng d
040 _aPGUSA
_beng
042 _adc
050 4 _aPT
100 1 _aWerner, E.,
_d1838-1918
245 1 0 _aVineta :
_bThe Phantom City
_h[electronic resource] /
_cE. Werner
260 _bProject Gutenberg,
_c2011
506 _aPublic domain in the USA.
516 _aElectronic text
653 _aFiction
700 1 _aShaw, Frances A.
830 0 _aProject Gutenberg
_v35007
856 4 0 _uhttp://www.gutenberg.org/ebooks/35007
942 _cEB
999 _c264262
_d264262